| 000 | 01038nam a2200241Ia 4500 | ||
|---|---|---|---|
| 003 | Ost | ||
| 005 | 20260507074909.0 | ||
| 008 | 260507s9999||||xx |||||||||||||| ||und|| | ||
| 020 | _a9775673313 | ||
| 040 | _cfsecg | ||
| 041 | _aara | ||
| 082 | _a350 | ||
| 100 |
_aزيدان، عمرو علاء الدين _eمؤلف |
||
| 245 | 0 |
_aإجتماعات ومجالس الأعمال في الشركات العائلية : _bإدارة فعالة للتكامل بين الشركة والعائلة / _c عمرو علاء الدين زيدان |
|
| 260 |
_aالقاهرة: _bمنشورات المنظمة العربية للتنمية الإدارية, _c2004 |
||
| 300 |
_a107 صفحة؛ _bإيضاحات ؛ _c23 سم |
||
| 490 |
_aسلسلة الثقافة الإدارية المعاصرة _v388 |
||
| 504 | _aبليوغرافيا: ص.105 | ||
| 520 | _aالإجتماعات العائلية، مجلس العائلة، المواثيق العائلية | ||
| 653 | _aالإدارة | ||
| 653 | _aالشركات | ||
| 942 | _cكتاب | ||
| 999 |
_c41721 _d41721 |
||